01632nam a2200445 a 4500008004100000020001500041041000800056245011600064250001100180260003800191300001100229500015600240653002600396653004900422653003100471653002400502653002200526653002500548653003700573653003500610653002100645653002400666653002200690653002800712653004900740653003200789653002900821653002600850653004300876653002500919653004400944653002200988700002801010700002401038700002801062700002301090700002301113700002401136700002601160120322s1998 ag ||||f |||| 001 0 spa d a9504605648 aspa aBiología.bCitología. Anatomía y fisiología. Genética. Salud y enfermedad /cMaría Gabriela Barderi a1a ed. aBuenos Aires:bSantillana;c1998. a447 p. aBarderi, M. G. et al. (1998). Biología. Citología. Anatomía y fisiología. Genética. Salud y enfermedad. (1a ed.). Buenos Aires : Santillana. aSistemas biológicos aMulticelularidad y niveles de organización aCélulas y biomoléculas aMetabolismo celular aSistema digestivo aSistema respiratorio aSistemas circulatorio y excretor aSistema ósteo-artro-muscular aSistema nervioso aOrganos sensoriales aSistema endocrino aInmunidad y homeostasis aRespuesta a los estímulos y comportamiento aReproducción y sexualidad aDesarrollo y crecimiento aHerencia y genética aPromoción y protección de la salud aNoxas y enfermedades aNutrición. Enfermedades nutricionales aDrogadependencias1 aBarderi, Maria Gabriela1 aCuniglio, Francisco1 aFernández. Eduardo M.1 aHaut, Guillermo E.1 aLópez, Amalia B.1 aLotersztain, Ileana1 aSchipani, Fabián V.